[Event "16.Open Seefeld"]
[Site "Oesterreich / Seefeld"]
[Date "2005.09.18"]
[Round "2"]
[White "Bronznik, Valeri"]
[Black "Riedl, Johannes"]
[Result "1-0"]
[WhiteElo "2390"]
[BlackElo "2118"]
[PlyCount "37"]
[EventDate "2005.09.17"]

1. d4 e6 2. Nf3 Nf6 3. c3 b6 4. Bg5 Bb7 5. Nbd2 Be7 6. e3 O-O 7. Bd3 d6 8. O-O
Nbd7 9. e4 e5 10. h3 Ne8 11. Be3 g6 12. Nh2 f5 13. f4 Ng7 14. fxe5 Bg5 15. Bxg5
Qxg5 16. Bc4+ Kh8 17. e6 Nf6 18. Qe1 fxe4 19. h4 1-0

[Event "16.Open Seefeld"]
[Site "Oesterreich / Seefeld"]
[Date "2005.09.18"]
[Round "2"]
[White "Kircher, Werner"]
[Black "Feige, Manuel"]
[Result "0-1"]
[WhiteElo "2092"]
[BlackElo "2387"]
[PlyCount "56"]
[EventDate "2005.09.17"]

1. Nf3 Nf6 2. c4 g6 3. d4 Bg7 4. Nc3 O-O 5. e4 d6 6. Be2 e5 7. O-O Na6 8. d5
Nc5 9. Qc2 a5 10. b3 Bd7 11. h3 Nh5 12. Re1 f5 13. Ng5 Nf4 14. Ne6 Ncxe6 15.
dxe6 Nxe6 16. Bf1 Nd4 17. Qd3 f4 18. Bb2 f3 19. g3 c6 20. Ba3 Rf6 21. c5 dxc5
22. Bxc5 Bxh3 23. Nd5 cxd5 24. Bxh3 Ne2+ 25. Kh2 d4 26. Bg4 Qc7 27. Ba3 Qf7 28.
Rad1 g5 0-1

[Event "16.Open Seefeld"]
[Site "Oesterreich / Seefeld"]
[Date "2005.09.18"]
[Round "2"]
[White "Weinzettl, Ernst"]
[Black "Oettinger, Hagen"]
[Result "1-0"]
[WhiteElo "2347"]
[BlackElo "2100"]
[PlyCount "47"]
[EventDate "2005.09.17"]

1. e4 Nf6 2. Nc3 d5 3. e5 d4 4. Nce2 Ne4 5. d3 Nc5 6. f4 Nca6 7. Nf3 c5 8. Ng3
Bg4 9. Be2 Nc6 10. O-O e6 11. Ng5 Bxe2 12. Qxe2 Be7 13. N5e4 Qd7 14. Nh5 Rg8
15. Rf3 O-O-O 16. Rg3 Nab4 17. Rxg7 Rxg7 18. Nxg7 Nd5 19. Nh5 b5 20. Bd2 Ncb4
21. c3 Nc2 22. Rc1 Nde3 23. Nef6 Bxf6 24. Nxf6 1-0

[Event "16.Open Seefeld"]
[Site "Oesterreich / Seefeld"]
[Date "2005.09.18"]
[Round "2"]
[White "Hofer, Franz"]
[Black "Rausch, Stephan"]
[Result "0-1"]
[WhiteElo "2079"]
[BlackElo "2337"]
[PlyCount "78"]
[EventDate "2005.09.17"]

1. c4 c6 2. g3 d5 3. Bg2 Nf6 4. Nf3 Bg4 5. Ne5 Bh5 6. cxd5 Nxd5 7. g4 Bg6 8. h4
Nd7 9. Nxg6 hxg6 10. Nc3 e6 11. g5 Qb6 12. e3 Bb4 13. a3 Bxc3 14. bxc3 O-O-O
15. Qc2 Ne7 16. e4 Rh7 17. Rb1 Qc7 18. a4 Rdh8 19. Ba3 Nb6 20. Qb3 Rxh4 21.
Rxh4 Rxh4 22. a5 Na8 23. d4 b6 24. e5 Nd5 25. Bd6 Qb7 26. c4 Nf4 27. Bf1 c5 28.
d5 exd5 29. Qg3 dxc4 30. Qxh4 Qe4+ 31. Kd1 Qxb1+ 32. Kd2 Qb2+ 33. Ke3 Qc1+ 34.
Kf3 Qxf1 35. Kxf4 Nc7 36. Qg4+ Ne6+ 37. Kg3 Qg1+ 38. Kf3 Qxg4+ 39. Kxg4 c3 0-1

[Event "16.Open Seefeld"]
[Site "Oesterreich / Seefeld"]
[Date "2005.09.18"]
[Round "2"]
[White "Becking, Franz-Josef"]
[Black "Heinig, Wolfram"]
[Result "0-1"]
[WhiteElo "2076"]
[BlackElo "2319"]
[PlyCount "114"]
[EventDate "2005.09.17"]

1. d4 Nf6 2. Nf3 g6 3. g3 Bg7 4. Bg2 O-O 5. O-O d6 6. c3 Nbd7 7. Qc2 e5 8. dxe5
dxe5 9. e4 b6 10. Nbd2 Re8 11. Re1 Bb7 12. Bf1 Qe7 13. Bc4 h6 14. Nh4 Kh7 15.
b4 Nf8 16. Bb2 Ne6 17. Rad1 Rad8 18. f3 Rd7 19. Nf1 Red8 20. Ne3 c6 21. Rxd7
Rxd7 22. Rd1 b5 23. Bf1 Bc8 24. Rxd7 Qxd7 25. Qd3 Kg8 26. Qxd7 Nxd7 27. Kf2 Nb6
28. Nd1 Bd7 29. Bc1 Bf8 30. Be3 Kg7 31. Nb2 Be7 32. Ng2 Bg5 33. Bxg5 hxg5 34.
Ne3 f6 35. Nc2 c5 36. a3 Kf7 37. Bh3 cxb4 38. cxb4 Ke7 39. Bf1 Kd6 40. Ke3 f5
41. Bd3 Ng7 42. Na1 f4+ 43. Kf2 a6 44. Nb3 Bc8 45. Nc5 Nd7 46. Nb3 Ne6 47. Nd1
Nd4 48. Nc1 Nf6 49. g4 Nxf3 50. h3 Nd2 51. Nc3 Bb7 52. Ke2 Ndxe4 53. Nxe4+ Nxe4
54. Nb3 Ng3+ 55. Kd2 e4 56. Nc5 e3+ 57. Ke1 Bg2 0-1

[Event "16.Open Seefeld"]
[Site "Oesterreich / Seefeld"]
[Date "2005.09.18"]
[Round "2"]
[White "Urban, Rudolf"]
[Black "Pilz, Dieter"]
[Result "0-1"]
[WhiteElo "2050"]
[BlackElo "2303"]
[PlyCount "74"]
[EventDate "2005.09.17"]

1. d4 Nf6 2. Nf3 g6 3. c4 c5 4. Nc3 cxd4 5. Nxd4 Bg7 6. e3 O-O 7. Be2 Nc6 8.
Nf3 d6 9. O-O Be6 10. Rb1 Rc8 11. b3 a6 12. Bb2 Qa5 13. a3 Rfd8 14. Nd4 Nxd4
15. exd4 d5 16. b4 Qc7 17. c5 Bf5 18. Ra1 e5 19. Na4 e4 20. Nb6 Rb8 21. Bc1 h6
22. Be3 Be6 23. Qd2 g5 24. h4 Nh7 25. hxg5 hxg5 26. f4 gxf4 27. Rxf4 Qe7 28.
Rff1 Rf8 29. a4 Kh8 30. Bf4 Rbd8 31. Ra3 Rg8 32. b5 axb5 33. axb5 Bf6 34. Bd6
Rxd6 35. cxd6 Qxd6 36. Rc3 Qxb6 37. Rxf6 Nxf6 0-1

[Event "16.Open Seefeld"]
[Site "Oesterreich / Seefeld"]
[Date "2005.09.18"]
[Round "2"]
[White "Kesik, Klaus-Dieter"]
[Black "Allgaier, Erik"]
[Result "1-0"]
[WhiteElo "2266"]
[BlackElo "2078"]
[PlyCount "134"]
[EventDate "2005.09.17"]

1. d4 d6 2. Nf3 g6 3. g3 Bg7 4. Bg2 Nc6 5. O-O e5 6. d5 Nce7 7. c4 f5 8. Nc3
Nf6 9. Qa4+ Bd7 10. Qb3 b6 11. Ng5 O-O 12. a4 Rb8 13. a5 h6 14. Ne6 Bxe6 15.
dxe6 c6 16. Rd1 Qc7 17. Qa3 Ne8 18. axb6 axb6 19. Qa7 Rb7 20. Qa8 Rb8 21. Qa7
Rb7 22. Qa6 Rb8 23. Na4 Rf6 24. c5 bxc5 25. Nxc5 Rb5 26. Qa8 Rxc5 27. Qxe8+ Rf8
28. Qd7 Qxd7 29. exd7 d5 30. Ra7 Rd8 31. Bd2 Kf7 32. Ba5 Rxa5 33. Rxa5 Rxd7 34.
b4 e4 35. b5 cxb5 36. Rxb5 Rd6 37. h4 g5 38. hxg5 hxg5 39. g4 Ke6 40. gxf5+
Kxf5 41. Rb7 Bf6 42. Rc1 Ra6 43. e3 Ng6 44. Rd7 Ra5 45. Rd6 Ne5 46. Rd1 Nd3 47.
Bh3+ g4 48. Bxg4+ Kxg4 49. Rxf6 Ra2 50. Kg2 Kg5 51. Rf8 Kg6 52. Kg3 Ra5 53. Rh1
d4 54. Rh4 Kg7 55. Re8 Rg5+ 56. Kh2 Nxf2 57. exd4 Ng4+ 58. Kg3 Nf6+ 59. Kf4 Rd5
60. Re7+ Kg6 61. Rxe4 Rf5+ 62. Ke3 Nxe4 63. Kxe4 Ra5 64. Rf4 Rb5 65. Rf1 Rb2
66. d5 Re2+ 67. Kd4 Rd2+ 1-0

[Event "16.Open Seefeld"]
[Site "Oesterreich / Seefeld"]
[Date "2005.09.18"]
[Round "2"]
[White "Willin, Bernhard"]
[Black "Tscharotschkin, Michael"]
[Result "0-1"]
[WhiteElo "2042"]
[BlackElo "2243"]
[PlyCount "98"]
[EventDate "2005.09.17"]

1. d4 d5 2. Nf3 Bf5 3. c4 e6 4. Nc3 Nc6 5. a3 Nf6 6. Bg5 Be7 7. e3 O-O 8. Be2
Ne4 9. Bxe7 Nxe7 10. Rc1 Nxc3 11. Rxc3 dxc4 12. Rxc4 Qd6 13. O-O Rfd8 14. Qc1
Rac8 15. b4 c6 16. Qb2 Nd5 17. Rfc1 Nb6 18. Ne5 Nxc4 19. Nxc4 Qe7 20. Bf3 f6
21. e4 Bg6 22. e5 Rc7 23. Nd6 Rxd6 24. exd6 Qxd6 25. g3 a6 26. a4 Rd7 27. b5
Qxd4 28. Qxd4 Rxd4 29. bxc6 bxc6 30. Rxc6 Rxa4 31. Rxe6 Ra1+ 32. Kg2 Bd3 33. g4
Bf1+ 34. Kg3 Ra3 35. Re1 Bb5 36. Kg2 Rd3 37. Re7 Rd7 38. Re8+ Kf7 39. Ra8 Ke7
40. h4 h6 41. h5 Kd6 42. Be4 Re7 43. f3 Kc5 44. Kf2 Kb4 45. Ke3 a5 46. Kd2 Rc7
47. Rb8 a4 48. Bd3 Rc5 49. Rb7 Rd5 0-1

[Event "16.Open Seefeld"]
[Site "Oesterreich / Seefeld"]
[Date "2005.09.18"]
[Round "2"]
[White "Kyas, Juergen"]
[Black "Schmidt, Wolfgang"]
[Result "1/2-1/2"]
[WhiteElo "2240"]
[BlackElo "2091"]
[PlyCount "36"]
[EventDate "2005.09.17"]

1. e4 Nf6 2. e5 Nd5 3. d4 d6 4. Nf3 g6 5. Bc4 c6 6. O-O Bg7 7. Re1 Bg4 8. Nbd2
dxe5 9. dxe5 Nd7 10. h3 Bxf3 11. Nxf3 e6 12. Bf1 c5 13. Bg5 Qc7 14. Bb5 h6 15.
c4 N5b6 16. Bh4 g5 17. Bg3 O-O-O 18. a4 a6 1/2-1/2

[Event "16.Open Seefeld"]
[Site "Oesterreich / Seefeld"]
[Date "2005.09.18"]
[Round "2"]
[White "Meier, Alexander"]
[Black "Wiesinger, Robert"]
[Result "1-0"]
[WhiteElo "1972"]
[BlackElo "2235"]
[PlyCount "117"]
[EventDate "2005.09.17"]

1. e4 e5 2. Bc4 Nf6 3. Nc3 Bb4 4. Nge2 Nxe4 5. Nxe4 d5 6. c3 Be7 7. Bb3 dxe4 8.
Ng3 f5 9. Nxe4 fxe4 10. Qh5+ g6 11. Qxe5 Rf8 12. Qxe4 Nc6 13. d4 Qd6 14. d5 Ne5
15. f4 Ng4 16. O-O Bf5 17. Qe2 O-O-O 18. h3 Nf6 19. Be3 Nxd5 20. Rad1 Qc6 21.
Bxa7 Rfe8 22. Qf3 Bc5+ 23. Bxc5 Qxc5+ 24. Kh2 Be4 25. Qg4+ Kb8 26. Rfe1 c6 27.
Rd4 Bf5 28. Qd1 Rxe1 29. Qxe1 Qf8 30. Bxd5 cxd5 31. c4 Be4 32. cxd5 Qxf4+ 33.
g3 Qe5 34. Qxe4 Qxe4 35. Rxe4 Rxd5 36. Re2 Ka7 37. h4 Rd3 38. Kh3 Rd6 39. Kg4
h6 40. Rf2 Rd4+ 41. Rf4 Rd6 42. h5 Rd5 43. hxg6 Rg5+ 44. Kh4 Rxg6 45. Rg4 Ra6
46. a3 Rd6 47. Kh5 Kb8 48. b4 Ra6 49. b5 Rxa3 50. Kxh6 Rb3 51. Rg5 Kc7 52. g4
Rb4 53. Kh5 Kd6 54. Rg6+ Kd7 55. b6 Ke8 56. g5 Kf7 57. Rf6+ Ke7 58. Kg6 Rb5 59.
Rf7+ 1-0

[Event "16.Open Seefeld"]
[Site "Oesterreich / Seefeld"]
[Date "2005.09.18"]
[Round "2"]
[White "Hoffmann, Bernhard"]
[Black "Sailer, Douglas"]
[Result "0-1"]
[WhiteElo "1950"]
[BlackElo "2224"]
[PlyCount "69"]
[EventDate "2005.09.17"]

1. e4 e5 2. Nf3 Nc6 3. Bb5 Nf6 4. O-O Nxe4 5. Re1 Nd6 6. Bxc6 dxc6 7. Nxe5 Be7
8. d4 O-O 9. b3 Nf5 10. Bb2 Be6 11. c4 Re8 12. Qd3 Bd6 13. Nd2 f6 14. Nef3 Qd7
15. Re2 Bf7 16. Rae1 Bg6 17. Qc3 Rxe2 18. Rxe2 Re8 19. Rxe8+ Qxe8 20. c5 Bf4
21. g3 Bxd2 22. Qxd2 Qe4 23. Ne1 h5 24. f3 Qb1 25. d5 cxd5 26. Qxd5+ Kh7 27.
Bc3 Qxa2 28. Qxb7 Ne3 29. Qb5 c6 30. Qxc6 Qe2 31. h4 Qf1+ 32. Kh2 Qf2+ 33. Kh1
Qxg3 34. Qd6 Qxh4+ 35. Kg1 {Rest der Notationen unbrauchbar !} 0-1

[Event "16.Open Seefeld"]
[Site "Oesterreich / Seefeld"]
[Date "2005.09.18"]
[Round "2"]
[White "Lagrotteria, Salvatore"]
[Black "Schirmer, Werner"]
[Result "1/2-1/2"]
[WhiteElo "2214"]
[BlackElo "2053"]
[PlyCount "68"]
[EventDate "2005.09.17"]

1. d4 Nf6 2. c4 g6 3. Nc3 Bg7 4. g3 O-O 5. Bg2 d6 6. e4 Nc6 7. Nge2 a6 8. O-O
Bd7 9. f4 e5 10. fxe5 dxe5 11. d5 Nd4 12. Nxd4 exd4 13. Qxd4 Ng4 14. Qd1 Qe7
15. d6 Qxd6 16. Qxd6 cxd6 17. Rd1 Be6 18. Nd5 Bxd5 19. Rxd5 Ne5 20. Rb1 Nxc4
21. b3 Ne5 22. Ba3 Rfe8 23. Bxd6 Ng4 24. Re1 Rad8 25. Rdd1 Bc3 26. Bc7 Rd2 27.
Rxd2 Bxd2 28. Re2 Be3+ 29. Kf1 Bc5 30. Bh3 Ne3+ 31. Ke1 Rxe4 32. Kd2 Rd4+ 33.
Kxe3 Rd7+ 34. Kf3 Rxc7 1/2-1/2

[Event "16.Open Seefeld"]
[Site "Oesterreich / Seefeld"]
[Date "2005.09.18"]
[Round "2"]
[White "Matt, Stefan"]
[Black "Ballon, Guenther-Jan"]
[Result "1/2-1/2"]
[WhiteElo "1816"]
[BlackElo "2213"]
[PlyCount "35"]
[EventDate "2005.09.17"]

1. Nf3 d5 2. c4 c6 3. d4 e6 4. Nc3 dxc4 5. e3 b5 6. a4 Bb4 7. Ne5 Nf6 8. Qf3
Qd5 9. Be2 Bb7 10. O-O Bxc3 11. bxc3 O-O 12. Qf4 Qd8 13. Ba3 Nd5 14. Qf3 Nxc3
15. Bxf8 Qxf8 16. axb5 Nxe2+ 17. Qxe2 cxb5 18. Qb2 1/2-1/2

[Event "16.Open Seefeld"]
[Site "Oesterreich / Seefeld"]
[Date "2005.09.18"]
[Round "2"]
[White "Wempe, Juergen"]
[Black "Christiansmeier, Sven"]
[Result "1-0"]
[WhiteElo "2202"]
[BlackElo "2044"]
[PlyCount "91"]
[EventDate "2005.09.17"]

1. e4 e5 2. Nf3 Nf6 3. Nxe5 d6 4. Nxf7 Kxf7 5. d4 c5 6. c3 Qe7 7. Bd3 Nc6 8.
O-O g6 9. f4 Nxe4 10. d5 Nf6 11. dxc6 bxc6 12. f5 d5 13. fxg6+ hxg6 14. Qc2 Bh6
15. Bxh6 Rxh6 16. Qd2 Kg7 17. Qg5 Be6 18. Nd2 Bf7 19. Nf3 Rh5 20. Qf4 Re8 21.
Rae1 Ne4 22. g4 g5 23. Qe5+ Qxe5 24. Nxe5 Rxe5 25. gxh5 Bxh5 26. Bxe4 dxe4 27.
Re3 Bg6 28. c4 Bf5 29. Ra3 e3 30. Re1 e2 31. Rg3 Bc2 32. h4 Kg6 33. Kf2 Bd1 34.
Reg1 Rf5+ 35. Ke1 Rf4 36. Rxg5+ Kh6 37. Rxc5 Rf6 38. h5 Kh7 39. Re5 Kh8 40. Re7
a5 41. Rh1 Rh6 42. c5 a4 43. Rd7 Kg8 44. Rd6 Kg7 45. Rg1+ Kh7 46. Rxh6+ 1-0

[Event "16.Open Seefeld"]
[Site "Oesterreich / Seefeld"]
[Date "2005.09.18"]
[Round "2"]
[White "Meschke, Andreas"]
[Black "Platzgummer, Fabian"]
[Result "1-0"]
[WhiteElo "2154"]
[BlackElo "2032"]
[PlyCount "119"]
[EventDate "2005.09.17"]

1. e4 c5 2. Nf3 Nc6 3. Bb5 e6 4. O-O Nge7 5. c3 a6 6. Ba4 b5 7. Bc2 Bb7 8. d3
d5 9. Bg5 f6 10. Bh4 Ng6 11. exd5 Qxd5 12. Bb3 c4 13. dxc4 bxc4 14. Qxd5 exd5
15. Re1+ Kf7 16. Bc2 Nxh4 17. Nxh4 Bc5 18. Nd2 Ne5 19. Nf5 Bc8 20. b4 Bxf5 21.
Bxf5 Bb6 22. Kf1 Rhe8 23. f4 Nd3 24. Bxd3 cxd3 25. Rad1 Be3 26. Nf3 d2 27. Nxd2
Bxf4 28. Nf3 Rxe1+ 29. Kxe1 Rc8 30. Rd3 Ke6 31. g3 Be5 32. Kd2 Rc4 33. Nd4+
Bxd4 34. Rxd4 Rc7 35. a4 Ke5 36. Kd3 Rb7 37. c4 Rxb4 38. Rxd5+ Ke6 39. Ra5 Rb6
40. Kd4 Rd6+ 41. Kc3 f5 42. Rc5 g5 43. Rc7 f4 44. gxf4 gxf4 45. Rxh7 Kf5 46. c5
Rd8 47. Rf7+ Ke4 48. c6 Rd6 49. c7 Rc6+ 50. Kd2 Rd6+ 51. Ke2 Rc6 52. Re7+ Kf5
53. h3 Kf6 54. Rh7 Ke5 55. Kf3 Rc3+ 56. Kg4 Rg3+ 57. Kh4 Rg8 58. Rg7 Rxg7 59.
c8=Q Ke4 60. Qc4+ 1-0

[Event "16.Open Seefeld"]
[Site "Oesterreich / Seefeld"]
[Date "2005.09.18"]
[Round "2"]
[White "Kesik, Marco"]
[Black "Keller, Manfred"]
[Result "0-1"]
[WhiteElo "1609"]
[BlackElo "2184"]
[PlyCount "116"]
[EventDate "2005.09.17"]

1. d4 Nf6 2. Nf3 g6 3. c4 Bg7 4. Nc3 d5 5. e3 O-O 6. Be2 c5 7. cxd5 Nxd5 8. e4
Nxc3 9. bxc3 Nc6 10. Be3 Bg4 11. e5 cxd4 12. cxd4 Qa5+ 13. Qd2 Qxd2+ 14. Nxd2
Bxe2 15. Kxe2 Rfd8 16. Nb3 Rd5 17. Rac1 Rad8 18. Rhd1 Rb5 19. f4 Nb4 20. a4
Rbd5 21. Rc4 Nc6 22. Rc5 Rxc5 23. Nxc5 b6 24. Nb3 Nb4 25. Rc1 Nd5 26. g4 e6 27.
Rc6 Bf8 28. Nd2 Be7 29. Ne4 Kf8 30. h3 Ke8 31. Ng5 Bxg5 32. fxg5 Kd7 33. Rd6+
Kc7 34. Rxd8 Kxd8 35. Bd2 Kd7 36. Kd3 Kc6 37. Kc4 a6 38. Bc1 b5+ 39. axb5+
axb5+ 40. Kb3 Nb6 41. Kb4 Nc4 42. h4 Kd5 43. Kxb5 Kxd4 44. Kc6 Kxe5 45. Kd7 f5
46. gxf6 Kxf6 47. Bg5+ Kf7 48. Bf4 e5 49. Bg3 e4 50. Kc6 Ne3 51. Kc5 Nxg4 52.
Kd4 e3 53. Kd3 Kf6 54. Ke4 Nh6 55. Kxe3 Nf5+ 56. Kf4 Nxg3 57. Kxg3 Kf5 58. h5
g5 0-1

[Event "16.Open Seefeld"]
[Site "Oesterreich / Seefeld"]
[Date "2005.09.18"]
[Round "2"]
[White "Dittmar, Peter"]
[Black "Fischer, Gerd"]
[Result "1-0"]
[WhiteElo "2326"]
[BlackElo "2039"]
[PlyCount "63"]
[EventDate "2005.09.17"]

1. d4 e6 2. Nf3 f5 3. Bg5 Nf6 4. e3 d5 5. c4 c6 6. Nc3 Bd6 7. Ne5 O-O 8. f4 Qe8
9. Be2 Nbd7 10. O-O h6 11. Bh4 Kh8 12. g4 dxc4 13. gxf5 exf5 14. Bxc4 Nb6 15.
Bb3 Be6 16. Bxe6 Qxe6 17. Ng6+ Kg8 18. Nxf8 Qxe3+ 19. Kh1 Rxf8 20. Rf3 Qe6 21.
Qb3 Qxb3 22. axb3 a6 23. Bxf6 Rxf6 24. Rd1 Bb4 25. Re3 Kf7 26. d5 Bxc3 27. dxc6
bxc6 28. bxc3 Nd5 29. Rf3 Re6 30. Ra1 Re4 31. Rxa6 Nxf4 32. Rf1 1-0

[Event "16.Open Seefeld"]
[Site "Oesterreich / Seefeld"]
[Date "2005.09.18"]
[Round "2"]
[White "Schunk, Thomas"]
[Black "Werner, Bernd"]
[Result "1-0"]
[WhiteElo "2315"]
[BlackElo "2012"]
[PlyCount "83"]
[EventDate "2005.09.17"]

1. c4 Nf6 2. Nc3 g6 3. g3 Bg7 4. Bg2 O-O 5. d4 c6 6. e4 d6 7. Nge2 Re8 8. O-O
Qc7 9. h3 e5 10. Be3 Nbd7 11. Qc2 Nf8 12. d5 Bd7 13. a3 Rac8 14. Rac1 h6 15.
Rfd1 cxd5 16. cxd5 b6 17. b4 Qb7 18. a4 Rc4 19. Qb3 Rec8 20. b5 Ne8 21. f3 Nh7
22. Na2 Rxc1 23. Nexc1 f5 24. Nb4 fxe4 25. fxe4 g5 26. Nc6 Bf6 27. Nd3 Kg7 28.
Nf2 Rc7 29. Bf3 Kg6 30. Rf1 Qc8 31. Ng4 Bxc6 32. dxc6 Qd8 33. Bd2 h5 34. Ne3
Rg7 35. Qd1 g4 36. hxg4 hxg4 37. Bxg4 Kf7 38. Nf5 Rxg4 39. Qxg4 Nc7 40. Nh6+
Ke7 41. Rxf6 Nxf6 42. Qg7+ 1-0

[Event "16.Open Seefeld"]
[Site "Oesterreich / Seefeld"]
[Date "2005.09.18"]
[Round "2"]
[White "Stabolewski, Andreas"]
[Black "Schett, Franz"]
[Result "1-0"]
[WhiteElo "2225"]
[BlackElo "1997"]
[PlyCount "86"]
[EventDate "2005.09.17"]

1. e4 c5 2. g3 Nc6 3. Bg2 d6 4. f4 Nf6 5. d3 Qc7 6. Nf3 h6 7. O-O Nd4 8. c3
Nxf3+ 9. Qxf3 Bg4 10. Qf2 Bd7 11. h3 Bc6 12. Be3 e6 13. Nd2 Rd8 14. g4 Nh7 15.
a4 b6 16. b4 Be7 17. d4 Bd7 18. b5 O-O 19. dxc5 dxc5 20. Nc4 f5 21. Ne5 fxg4
22. hxg4 Be8 23. Qa2 Qc8 24. g5 hxg5 25. Bh3 Rd6 26. Nc4 Bf7 27. fxg5 Qc7 28.
g6 Bxg6 29. Nxd6 Bxd6 30. Qxe6+ Bf7 31. Qd7 Bh2+ 32. Kh1 Qg3 33. Bf4 Qh4 34.
Bxh2 Qxe4+ 35. Bg2 Qh4 36. Rf4 Qh6 37. Raf1 Nf6 38. Qxa7 Re8 39. Qxb6 Re2 40.
Rxf6 gxf6 41. Qxf6 Qh5 42. Qxf7+ Qxf7 43. Rxf7 Kxf7 1-0

[Event "16.Open Seefeld"]
[Site "Oesterreich / Seefeld"]
[Date "2005.09.18"]
[Round "2"]
[White "Ermel, Dirk"]
[Black "Wiesbeck, Florian"]
[Result "0-1"]
[WhiteElo "2208"]
[BlackElo "1964"]
[PlyCount "76"]
[EventDate "2005.09.17"]

1. Nf3 c5 2. c4 e6 3. Nc3 Nf6 4. e4 d6 5. d4 cxd4 6. Nxd4 a6 7. Be2 Be7 8. Be3
O-O 9. O-O Qc7 10. Rc1 Bd7 11. f3 Nc6 12. Nd5 exd5 13. cxd5 Rac8 14. dxc6 bxc6
15. Bxa6 Rb8 16. Qe2 c5 17. Nb3 Bc6 18. Bc4 Rfe8 19. Qd2 Bf8 20. Bf4 Nh5 21.
Be3 Nf6 22. Rfd1 Rbd8 23. Na5 Ba4 24. b3 Bd7 25. b4 Ra8 26. Nb3 Qa7 27. bxc5
dxc5 28. Qc3 Qc7 29. Kh1 Be6 30. Bxe6 Rxe6 31. Rc2 Rc6 32. Rcd2 c4 33. Nc1 Ra3
34. Qd4 Rd6 35. Qxd6 Bxd6 36. Rxd6 h6 37. e5 Rxe3 38. exf6 Qxd6 0-1

[Event "16.Open Seefeld"]
[Site "Oesterreich / Seefeld"]
[Date "2005.09.18"]
[Round "2"]
[White "Wawrinsky, Ludwig"]
[Black "Voss, Ingo"]
[Result "0-1"]
[WhiteElo "1916"]
[BlackElo "2149"]
[PlyCount "62"]
[EventDate "2005.09.17"]

1. e4 e5 2. Bc4 Nf6 3. d3 Nc6 4. a3 d5 5. exd5 Nxd5 6. Nc3 Nxc3 7. bxc3 Bd6 8.
Nf3 Bg4 9. Bg5 Bxf3 10. Bxf7+ Kd7 11. Qxf3 Qxg5 12. Qh3+ Ke7 13. Bd5 Raf8 14.
Rb1 Rf6 15. O-O Rhf8 16. f4 Rxf4 17. Qe6+ Kd8 18. Rfe1 R4f6 19. Qh3 Rh6 20. Qe3
Qxe3+ 21. Rxe3 Bc5 22. d4 exd4 23. Rd3 dxc3+ 24. Kh1 Bd6 25. Bxc6 bxc6 26. Rb8+
Ke7 27. Re3+ Kd7 28. Rxf8 Bxf8 29. Rxc3 Re6 30. Kg1 Re1+ 31. Kf2 Ra1 0-1

[Event "16.Open Seefeld"]
[Site "Oesterreich / Seefeld"]
[Date "2005.09.18"]
[Round "2"]
[White "Vrban, Damir"]
[Black "Strasser, Josef (A)"]
[Result "1/2-1/2"]
[WhiteElo "2133"]
[BlackElo "1917"]
[PlyCount "74"]
[EventDate "2005.09.17"]

1. f4 d5 2. Nf3 Nf6 3. g3 b6 4. Bg2 Bb7 5. O-O e6 6. b3 Bc5+ 7. Kh1 O-O 8. Bb2
Nbd7 9. Nc3 Qe7 10. a3 Ng4 11. b4 Bd6 12. Nb5 c5 13. Nxd6 Qxd6 14. e4 dxe4 15.
Ng5 Ngf6 16. d3 h6 17. Nxe4 Nxe4 18. dxe4 Qxd1 19. Rfxd1 Nf6 20. Bxf6 gxf6 21.
bxc5 bxc5 22. Rd7 Bc6 23. Rd6 Ba4 24. e5 Rad8 25. Rad1 Rxd6 26. exd6 Bxc2 27.
Rc1 Bb3 28. Rxc5 Rd8 29. Rc6 Ba4 30. Ra6 Bb5 31. Rxa7 Rxd6 32. Bf3 e5 33. fxe5
fxe5 34. Ra5 Rd3 35. Kg2 Rd2+ 36. Kg1 Be2 37. Bxe2 Rxe2 1/2-1/2

[Event "16.Open Seefeld"]
[Site "Oesterreich / Seefeld"]
[Date "2005.09.18"]
[Round "2"]
[White "Straub, Peter"]
[Black "Loew, Bernd"]
[Result "1-0"]
[WhiteElo "2093"]
[BlackElo "1548"]
[PlyCount "51"]
[EventDate "2005.09.17"]

1. e4 b6 2. d4 Bb7 3. Bd3 Nf6 4. Nc3 e6 5. Nf3 Bb4 6. Bg5 h6 7. Bxf6 Qxf6 8.
O-O Qd8 9. Qe2 a6 10. a3 Be7 11. Nd2 d6 12. f4 O-O 13. Kh1 Nd7 14. Nd1 c5 15.
c3 b5 16. Rc1 Rc8 17. Ne3 c4 18. Bb1 Qa5 19. e5 Nb6 20. Ne4 d5 21. Nf6+ Bxf6
22. exf6 g6 23. f5 exf5 24. Nxf5 Kh7 25. Qe3 g5 26. Qh3 1-0

[Event "16.Open Seefeld"]
[Site "Oesterreich / Seefeld"]
[Date "2005.09.18"]
[Round "2"]
[White "Verhoef, Helge"]
[Black "Schwammberger, Eugen"]
[Result "1/2-1/2"]
[WhiteElo "2086"]
[BlackElo "1950"]
[PlyCount "48"]
[EventDate "2005.09.17"]

1. d4 d5 2. c4 c6 3. Nf3 Nf6 4. Nc3 a6 5. cxd5 cxd5 6. Bf4 Nc6 7. e3 Bg4 8. h3
Bh5 9. Be2 e6 10. O-O Bd6 11. Bxd6 Qxd6 12. Rc1 O-O 13. Ne1 Bg6 14. Bd3 Rfc8
15. Bxg6 hxg6 16. Nd3 b5 17. Nc5 Nd7 18. Nxd7 Qxd7 19. Qd2 Rc7 20. Ne2 Rac8 21.
Nf4 Nd8 22. Nd3 Nb7 23. Rxc7 Rxc7 24. Rc1 Qc8 1/2-1/2

[Event "16.Open Seefeld"]
[Site "Oesterreich / Seefeld"]
[Date "2005.09.18"]
[Round "2"]
[White "Fournell, Udo"]
[Black "Kozlov, Alexander"]
[Result "1-0"]
[WhiteElo "1891"]
[BlackElo "2135"]
[PlyCount "68"]
[EventDate "2005.09.17"]

1. e4 g6 2. d4 Bg7 3. c3 d6 4. f4 Nf6 5. e5 dxe5 6. fxe5 Nd5 7. Bc4 e6 8. Nf3
h6 9. O-O a6 10. a4 Nc6 11. Na3 Nce7 12. Nc2 O-O 13. Nd2 b6 14. Ne4 Bb7 15.
Nf6+ Kh8 16. g4 Ng8 17. Nxd5 Bxd5 18. Bxd5 Qxd5 19. Ne3 Qd7 20. b3 Ne7 21. Ba3
Kg8 22. Qf3 c5 23. Nc4 Qc7 24. a5 bxa5 25. Bxc5 f6 26. exf6 Bxf6 27. Qe4 Kg7
28. Qxe6 Rae8 29. Nd6 Rd8 30. Ne4 Bh4 31. Bb6 Qd7 32. Nc5 Qe8 33. Bxd8 Qxd8 34.
Qe5+ Kh7 1-0

[Event "16.Open Seefeld"]
[Site "Oesterreich / Seefeld"]
[Date "2005.09.18"]
[Round "2"]
[White "Thonig, Manfred"]
[Black "Santl, Anton"]
[Result "0-1"]
[WhiteElo "1913"]
[BlackElo "2132"]
[PlyCount "184"]
[EventDate "2005.09.17"]

1. f4 e5 2. fxe5 d6 3. exd6 Bxd6 4. Nf3 g5 5. g3 g4 6. Nh4 Ne7 7. d4 Ng6 8.
Nxg6 hxg6 9. Qd3 Nc6 10. c3 Ne7 11. Bg2 c6 12. Bg5 Be6 13. Nd2 Qa5 14. Ne4 Bc7
15. Nf6+ Kf8 16. Qd2 Ng8 17. O-O Nxf6 18. Rxf6 Kg7 19. Rf2 Bd8 20. Bxd8 Raxd8
21. Qf4 Rd7 22. Qf6+ Kg8 23. Be4 Qd8 24. Qxd8+ Rxd8 25. b3 a5 26. e3 Kg7 27. c4
Rhe8 28. Bg2 Bf5 29. Re1 Rxd4 30. Rfe2 Rd7 31. e4 Be6 32. e5 Red8 33. Kf2 Rh8
34. Kg1 Rh5 35. Bf1 Rf5 36. Bg2 a4 37. h3 axb3 38. axb3 Rd3 39. hxg4 Rg5 40.
Re3 Rd2 41. Bf3 Bxg4 42. Bxg4 Rxg4 43. Rf3 Rgd4 44. Ref1 Rd7 45. g4 Re2 46. e6
Rxe6 47. Kg2 Red6 48. g5 Rd2+ 49. Kg3 R2d3 50. Kf4 Rxf3+ 51. Rxf3 Kf8 52. Ke5
Ke7 53. b4 b5 54. Rf6 c5 55. bxc5 bxc4 56. c6 Rd3 57. c7 Kd7 58. Rxf7+ Kc8 59.
Ke4 Rd7 60. Rf6 Rxc7 61. Rf2 c3 62. Rc2 Kd7 63. Ke5 Rc6 64. Kd5 Kc7 65. Ke5 Kd7
66. Kd5 Rc8 67. Ke5 Ke7 68. Kd5 Rc7 69. Re2+ Kf7 70. Rf2+ Ke7 71. Re2+ Kf8 72.
Rc2 Ke7 73. Re2+ Kd7 74. Rc2 Rc6 75. Ke5 Re6+ 76. Kd5 Re3 77. Kd4 Rg3 78. Ke5
Rxg5+ 79. Kf6 Rc5 80. Kxg6 Kd6 81. Kf6 Kd5 82. Ke7 Kd4 83. Kd6 Kd3 84. Rh2 c2
85. Rh3+ Kc4 86. Rh4+ Kb3 87. Kxc5 c1=Q+ 88. Kd6 Qd2+ 89. Kc6 Qg2+ 90. Kd7 Qd5+
91. Kc7 Qf7+ 92. Kc8 Qe8+ 0-1

[Event "16.Open Seefeld"]
[Site "Oesterreich / Seefeld"]
[Date "2005.09.18"]
[Round "2"]
[White "Duric, Rajko"]
[Black "Pieper, Harald"]
[Result "1/2-1/2"]
[WhiteElo "1867"]
[BlackElo "2094"]
[PlyCount "84"]
[EventDate "2005.09.17"]

1. e4 Nf6 2. Nc3 d6 3. d4 g6 4. Bg5 Bg7 5. e5 dxe5 6. dxe5 Qxd1+ 7. Rxd1 Ng4 8.
f4 c6 9. Rd3 Bf5 10. Rg3 f6 11. exf6 exf6 12. Bh4 O-O 13. h3 Nh6 14. Bd3 Re8+
15. Kd2 Nd7 16. Nge2 Nc5 17. Rf3 Nxd3 18. cxd3 Rad8 19. g4 Bc8 20. Re3 Rxe3 21.
Kxe3 Re8+ 22. Kd2 f5 23. g5 Nf7 24. Bf2 b6 25. Re1 c5 26. Nc1 Rxe1 27. Bxe1 Bb7
28. Bf2 Nd8 29. a4 Ne6 30. Be3 Bc6 31. N1e2 Nd4 32. Bxd4 cxd4 33. Nb5 Bxb5 34.
axb5 Kf7 35. Kc2 Ke6 36. b4 Kd5 37. Kb3 Bf8 38. Ka4 Bd6 39. Kb3 Bb8 40. Ka4 Bd6
41. Kb3 Bb8 42. Ka4 Bd6 1/2-1/2